000 00579cam a22002051 4500
001 he 65001019
003 DLC
005 20260227111432.0
008 760312s1962 is a 000 0 eng
010 _ahe 65001019
035 _a(OCoLC)2045583
040 _aDLC
_cNmU
_dOCoLC
_dDLC
042 _apremarc
050 0 0 _aHE899.I8
_bB3
110 2 _aBanḳ Yiśraʼel.
_bMaḥleḳet ha-meḥḳar.
245 1 4 _aThe Israel merchant marine;
_ban economic appraisal.
260 _aJerusalem,
_c1962.
300 _axvi, 122 p.
_billus.
_c24 cm.
650 0 _aMerchant marine
_zIsrael.
999 _c31232
_d31232